000 00991nam a2200277 a 4500
999 _c630
_d630
005 20200104041513.0
008 140221b1988 ck ||||| |||| 00| 0 spa d
040 _aCO-BoIAVH
_cCO-BoIAVH
041 _aspa
044 _ack
090 _aIND-I
_b36
100 _aHernández Camacho, Jorge Ignacio
245 1 0 _aInforme de avance del proyecto de formulación No. 3. determinación de programas para fortalecer la red de áreas de manejo especial
_belementos fundamentales para la formulación
260 _aBogotá
_bInderena
_c1988
300 _a59 páginas
650 1 4 _aAreas de manejo especial
650 1 4 _aRed de Areas de Manejo Especial
650 1 4 _aAreas silvestres
650 1 4 _aGestión ambiental
650 1 4 _aPlan de acción ambiental
650 1 4 _aConservación de biodiversidad
650 1 4 _aParques nacionales naturales
662 _aColombia
700 _aSánchez Páez, Heliodoro
942 _cINFORME
_2z